The tragedy of Arthur : (Record no. 18131)
[ view plain ]
| 000 -LEADER | |
|---|---|
| fixed length control field | 00711cam a22002291a 4500 |
| 001 - CONTROL NUMBER | |
| control field | 18131 |
| 003 - CONTROL NUMBER IDENTIFIER | |
| rucl marc code | BD-RjUL |
| 005 - DATE AND TIME OF LATEST TRANSACTION | |
| control field | 20211209000236.0 |
| 008 - FIXED-LENGTH DATA ELEMENTS--GENERAL INFORMATION | |
| fixed length control field | 140219s1960 cau 00110 eng d |
| 035 ## - SYSTEM CONTROL NUMBER | |
| System control number | (BD-RjUL)18189 |
| System control number | (BD-RjUL) |
| 040 ## - CATALOGING SOURCE | |
| Original cataloging agency | BD-RjUL |
| Language of cataloging | eng |
| Transcribing agency | BD-RjUL |
| Modifying agency | BD-RjUL |
| 041 ## - LANGUAGE CODE | |
| Language code of text/sound track or separate title | eng |
| 082 ## - DEWEY DECIMAL CLASSIFICATION NUMBER | |
| Classification number | 821.1 |
| Author mark and year | MAT |
| 100 1# - MAIN ENTRY--PERSONAL NAME | |
| Personal name | Matthews, William, |
| Dates associated with a name | 1905-1975. |
| 9 (RLIN) | 55861 |
| 245 14 - TITLE STATEMENT | |
| Title | The tragedy of Arthur : |
| Remainder of title | a study of the alliterative "Morte Arthure" / |
| Statement of responsibility, etc. | William Matthews. |
| 260 0# - PUBLICATION, DISTRIBUTION, ETC. (IMPRINT) | |
| Place of publication, distribution, etc. | Berkeley, Calif. : |
| Name of publisher, distributor, etc. | University of California Press, |
| Date of publication, distribution, etc. | 1960. |
| 300 ## - PHYSICAL DESCRIPTION | |
| Pagination | x, 230 p. ; |
| Size | 23cm. |
| 504 ## - BIBLIOGRAPHY, ETC. NOTE | |
| Bibliography, etc | Includes index. |
| 600 10 - SUBJECT ADDED ENTRY--PERSONAL NAME | |
| Personal name | Malory, Thomas, |
| Titles and other words associated with a name | Sir, |
| Dates associated with a name | 15th century |
| 942 ## - ADDED ENTRY ELEMENTS (KOHA) | |
| Source of classification or shelving scheme | Dewey Decimal Classification |
| Koha item type | Books |
| Lost status | Source of classification or shelving scheme | Damaged status | Not for loan | Collection code | Permanent Location | Current Location | Shelving location | Date acquired | Source of acquisition | Cost, normal purchase price | Total Checkouts | Full call number | Date last seen | Copy number | Koha item type |
|---|---|---|---|---|---|---|---|---|---|---|---|---|---|---|---|
| Dewey Decimal Classification | Not For Loan | Fiction | Central Library, University of Rajshahi | Central Library, University of Rajshahi | Reading Room | 25/10/1965 | Black Well | 40.00 | 821.1 MAT 1960 | 19/02/2014 | C-1 | Books |